000 00200nam a2200085Ia 4500
008 120527s9999 xx 000 0 und d
100 _aCarver, et al
245 _aPerspective on Personality
942 _cBK
999 _c27600
_d27600